Introduction to online learning : a guide for students /

Bibliographic Details
Main Author: Globokar, Julie L.
Format: Book
Language:English
Published: Los Angeles : Sage Publications, [2010]
Subjects:

MARC

Tag First Indicator Second Indicator Subfields
LEADER 00000cam a2200000 a 4500
001 in00002569607
005 20151201151903.0
008 100201s2010 caua b 001 0 eng
010 |a  2010003001 
020 |a 9781412978224 (pbk.) 
020 |a 141297822X (pbk.) 
035 |a (OCoLC)ocn495780451 
035 |a (OCoLC)495780451 
040 |a DLC  |c DLC  |d BTCTA  |d YDXCP  |d C#P  |d BWX  |d UtOrBLW 
043 |a n-us--- 
049 |a TXAM 
050 0 0 |a LB2328.15.U6  |b G56 2010 
082 0 0 |a 371.35/8  |2 22 
100 1 |a Globokar, Julie L. 
245 1 0 |a Introduction to online learning :  |b a guide for students /  |c Julie L. Globokar. 
264 1 |a Los Angeles :  |b Sage Publications,  |c [2010] 
264 4 |c ©2010 
300 |a xii, 123 pages :  |b illustrations ;  |c 23 cm. 
336 |a text  |b txt  |2 rdacontent 
337 |a unmediated  |b n  |2 rdamedia 
338 |a volume  |b nc  |2 rdacarrier 
504 |a Includes bibliographical references and index. 
650 0 |a Distance education  |z United States. 
650 0 |a Educational technology  |z United States. 
650 0 |a Web-based instruction. 
938 |a Baker and Taylor  |b BTCP  |n BK0008707396 
938 |a YBP Library Services  |b YANK  |n 3220310 
938 |a Blackwell Book Service  |b BBUS  |n R4849752  |c $24.95 
945 |a PromptCat  |b 4771 
946 |a stk 
947 |a A14840170745 
994 |a 92  |b TXA 
948 |a Cataloged  |b h  |c 2010/6/17  |d c  |e ibarton 
999 |a MARS 
999 f f |s 1ff61ae1-cf31-326f-a51f-ac8c01cb9d9a  |i e600f41f-bcc9-3d22-a320-5006d0ef4fa0  |t 0 
952 f f |p normal  |a Texas A&M University  |b College Station  |c Sterling C. Evans Library  |d Evans: Library Stacks  |t 0  |e LB2328.15.U6 G56 2010  |h Library of Congress classification  |i unmediated -- volume  |m A14840170745 
998 f f |a LB2328.15.U6 G56 2010  |t 0  |l Evans: Library Stacks